Name a Valid Answer Starting with JETPUNK - Statistics

General Stats
  • This quiz has been taken 42,084 times
  • The average score is 24 of 34
Answer Stats
Hint Answer % Correct
J Countries Jamaica | Japan | Jordan ✔ (3)
99%
U Countries United States | United Kingdom | Uganda | Uruguay | Uzbekistan | Ukraine | United Arab Emirates ✔ (7)
98%
E Countries Estonia | Ethiopia | Ecuador | Eritrea | Egypt | El Salvador | Eswatini | East Timor | Equatorial Guinea ✔ (9)
98%
P Countries Panama | Pakistan | Peru | Poland | Portugal | Paraguay | Palau | Philippines | Papua New Guinea ✔ (9)
98%
T Countries Turkey | Turkmenistan | Thailand | Tajikistan | Tanzania | Togo | Tunisia | Trinidad and Tobago | Taiwan | Tuvalu | Tonga ✔ (11)
97%
N Countries Niger | Nigeria | Namibia | Norway | Nicaragua | Netherlands | Nepal | North Korea | New Zealand | Nauru | North Macedonia ✔ (11)
97%
K Countries Kazakhstan | Kyrgyzstan | Kenya | Kuwait | Kiribati | Kosovo ✔ (6)
95%
N US States Nebraska | Nevada | New Hampshire | New Jersey | New Mexico | New York | North Carolina | North Dakota ✔ (8)
90%
T US States Tennessee | Texas ✔ (2)
89%
K US States Kansas | Kentucky ✔ (2)
87%
P US States Pennsylvania ✔ (1)
83%
U US States Utah ✔ (1)
83%
T World Capitals Tokyo | Tallinn | Tehran | Tirana | Taipei | Tunis | Tashkent | Tbilisi | Tegucigalpa | Tripoli | Thimphu ✔ (11)
80%
P World Capitals Paris | Panama City | Prague | Port-au-Prince | Pyongyang | Pristina | Paramaribo | Pretoria | Podgorica | Port Moresby | Phnom Penh | Port-of-Spain | Port Louis | Praia | Porto-Novo | Port Vila | Palikir ✔ (17)
79%
T US Presidents Taft, William H. | Taylor, Zachary | Truman, Harry S. | Trump, Donald J. | Tyler, John ✔ (5)
78%
J US Presidents Jackson, Andrew | Jefferson, Thomas | Johnson, Andrew | Johnson, Lyndon B. ✔ (4)
76%
J World Capitals Jakarta | Jerusalem | Juba ✔ (3)
75%
N Elements Neodymium | Neon | Neptunium | Nickel | Nihonium | Niobium | Nitrogen | Nobelium ✔ (9)
75%
P Elements Palladium | Phosphorus | Platinum | Plutonium | Polonium | Potassium | Praseodymium | Promethium | Protactinium ✔ (9)
73%
U Elements Uranium ✔ (1)
70%
T Elements Tantalum | Technetium | Tellurium | Tennessine | Terbium | Thallium | Thorium | Thulium | Tin | Titanium | Tungsten ✔ (11)
68%
K World Capitals Kyiv | Kingston | Kingstown | Kathmandu | Kinshasa | Kuala Lumpur | Kabul | Kuwait City | Khartoum | Kigali | Kampala ✔ (11)
66%
K US Presidents Kennedy, John F. ✔ (1)
64%
N World Capitals Nairobi | Nassau | New Delhi | Niamey | Naypyidaw | N'Djamena | Nouakchott | Nicosia | Nukuʻalofa | Ngerulmud ✔ (11)
60%
N US Presidents Nixon, Richard ✔ (1)
59%
J US State Capitals Jackson | Jefferson City | Juneau ✔ (3)
54%
U World Capitals Ulaanbaatar ✔ (1)
53%
E US Presidents Eisenhower, Dwight D. ✔ (1)
52%
K Elements Krypton ✔ (1)
44%
T US State Capitals Tallahassee | Topeka | Trenton ✔ (3)
42%
P US Presidents Pierce, Franklin | Polk, James K. ✔ (2)
38%
E Elements Erbium | Einsteinium | Europium ✔ (3)
38%
P US State Capitals Phoenix | Pierre | Providence ✔ (3)
37%
N US State Capitals Nashville ✔ (1)
27%
No matching quizzes found
Score Distribution
Percent of People with Each Score
Percentile by Number Answered
Your Score History
You have not taken this quiz